000 01079pam a2200289 a 4500
001 1117
005 20230815111114.0
008 980126s1998 nyua c 000 1 eng
020 _a9780439071680
040 _aDLC
_cDLC
_dDLC
_beng
050 0 0 _aPZ7.D2394
082 0 0 _a[Fic]
100 1 _aDanziger, Paula
_d1944-2004
245 1 0 _aAmber Brown is feeling blue /
_cPaula Danziger ; illustrated by Tony Ross.
250 _aFirst Scholastic printing, September 1999
260 _aNew York :
_bScholastic
_c1999
300 _a130 pages , 3 Unnumbered pages :
_billustrations ;
_c20 cm
505 _aR
520 _aNine-year-old Amber Brown faces further complications because of her parents' divorce when her father plans to move back from Paris and she must decide which parent she will be with on Thanksgiving.
521 _a680
_bLexile
521 _aR
_bRaz-Plus
650 1 _aDivorce
_xFiction.
650 1 _aParent and child
_xFiction.
700 1 _aRoss, Tony
_eillustrator
906 _a7
_bcbc
_corignew
_d1
_eocip
_f19
_gy-gencatlg
942 _2ddc
_cBK
_n0
999 _c1117
_d1117